| 000 | 00465ntaaa2200181 4500 | ||
|---|---|---|---|
| 003 | 01 | ||
| 005 | 20251027201945.0 | ||
| 008 | 0714s1973 ag 01 | ||
| 040 |
_aAR-BaBN _bspa _cAR-BaBN _eaacr _dRIC |
||
| 082 | _a248.0000 L85 | ||
| 100 |
_aLong, Nat G. _918153 |
||
| 245 | _aGoal Posts | ||
| 250 |
_a1 ed. : _bTupper Love, _cc1953 |
||
| 300 | _a162 p. | ||
| 500 | _a"Talks to young people on building a successful life" | ||
| 650 | _aVida Cristiana | ||
| 942 | _cBK | ||
| 999 |
_c14320 _d14320 |
||